Really Epic HISTORY quiz (HARD) - Statistics

General Stats
  • This quiz has been taken 288 times
  • The average score is 6 of 13
Answer Stats
Hint Answer % Correct
A____ H_____ led the Nazi Party adolf hitler
97%
B_____ helped kill Julius Caesar brutus
91%
King G_____ of England was German george
88%
W______ C_______ liked to smoke cigars winston churchill
78%
King T__'s parents were related tut
65%
A_____ E_______ was offered the role of Israel's second president albert einstein
57%
F____ C_____ had 600 plots made to kill or harm him fidel castro
55%
The E________ used stone slabs as pillows egyptians
49%
emperor G____ made his horse a senator gaius
26%
N_______ was attacked by rabbits napoleon
20%
A M_____ became a war hero in WW1 monkey
9%
A______ were often sentenced to death in medival times animals
6%
D____ A______ wrote a bestseller at 9 years old daisy ashford
0%
No matching quizzes found
Score Distribution
Percent of People with Each Score
Percentile by Number Answered
Your Score History
You have not taken this quiz